[Event "Challenge"]
[Site "http://www.queenalice.com/game.php?id=1224175"]
[Date "2013.10.12"]
[Round "-"]
[White "Kgarcia"]
[Black "Ponce"]
[Result "1-0"]
[WhiteElo "1807"]
[BlackElo "1745"]

1. Nf3 d6 2. d4 Bg4 3. e4 Nf6 4. Nc3 a6 5. Be2 Bxf3 6. Bxf3 e6 7. Be3 Nbd7 8. a3
c6 9. b4 Be7 10. O-O Nb6 11. Be2 O-O 12. e5 dxe5 13. dxe5 Nfd5 14. Bxb6 Qxb6 15.
Nxd5 cxd5 16. Rc1 a5 17. bxa5 Rxa5 18. Rb1 Qc7 19. Qd4 Bc5 20. Qd2 b6 21. Qf4
Rxa3 22. Bd3 d4 23. Rfe1 f5 24. Bc4 Qf7 25. Ra1 Rc3 26. Bb3 Qd7 27. Red1 Qd8 28.
Bxe6+ Kh8 29. Bb3 g5 30. Qc1 f4 31. Rd3 Rxd3 32. cxd3 Rf5 33. e6 Kg7 34. Qd1 Kg6
35. Qf3 Re5 36. h3 Bb4 37. Kh2 Qc7 38. Ra8 h5 39. Rg8+ Kf6 40. Qxh5 Rf5 41. Qh8+
Ke7 42. Rg7+ Kd6 43. Rxc7 Re5 44. Qd8# 1-0

[Event "Waterfall"]
[Site "http://www.queenalice.com/game.php?id=1224177"]
[Date "2013.10.12"]
[Round "-"]
[White "Ponce"]
[Black "ladyofknight"]
[Result "0-1"]
[WhiteElo "1762"]
[BlackElo "1743"]

1. d4 Nf6 2. Nc3 d5 3. e3 Bf5 4. Bb5+ Nbd7 5. h3 c6 6. Be2 Qa5 7. Bd2 Qc7 8. g4
Bg6 9. h4 e5 10. h5 Be4 11. Nxe4 Nxe4 12. dxe5 Nxd2 13. Qxd2 Nxe5 14. Qd4 Qd6
15. f4 Nd7 16. Nf3 Qb4+ 17. Qxb4 Bxb4+ 18. c3 Bd6 19. O-O-O O-O-O 20. Ng5 Rdf8
21. h6 g6 22. c4 Nf6 23. cxd5 Nxd5 24. Rh3 Kd7 25. Ne4 Bc7 26. Nf6+ Ke6 27. g5
Rd8 28. Bc4 Kf5 29. Bxd5 cxd5 30. Nxd5 Kg4 31. Rhh1 Kf3 32. Nxc7 Rxd1+ 33. Kxd1
Kxe3 34. Re1+ Kxf4 35. Re7 Kxg5 36. Rxf7 Kxh6 37. Ne6 Re8 38. Nc5 b6 39. Na4 g5
40. Rxa7 g4 41. Rf7 b5 42. Nc5 Rd8+ 43. Ke2 Kg6 44. Rb7 Re8+ 45. Kf2 h5 46. Rb6+
Kg5 47. Rxb5 Kh4 48. a4 Rf8+ 49. Ke3 g3 50. Rb4+ Kh3 51. Ne4 g2 52. Ng5+ Kg3 53.
Ne4+ Kh2 54. Ng5 g1=Q+ 0-1

[Event "Edge of Abyss"]
[Site "http://www.queenalice.com/game.php?id=1224178"]
[Date "2013.10.12"]
[Round "-"]
[White "ladyofknight"]
[Black "Ponce"]
[Result "0-1"]
[WhiteElo "1774"]
[BlackElo "1707"]

1. e4 d6 2. d4 Nf6 3. Nc3 a6 4. Nf3 Bg4 5. Be2 Nc6 6. h3 Bd7 7. O-O e5 8. Bg5
Be7 9. Bxf6 Bxf6 10. dxe5 dxe5 11. Nh2 O-O 12. Bg4 Bxg4 13. Nxg4 Qxd1 14. Nxf6+
gxf6 15. Rfxd1 Nd4 16. Rac1 b5 17. b4 Rac8 18. a4 c5 19. Rd2 cxb4 20. Na2 b3 21.
Nb4 Rc4 22. Rd3 Ne2+ 0-1

[Event "Challenge"]
[Site "http://www.queenalice.com/game.php?id=1227268"]
[Date "2013.10.25"]
[Round "-"]
[White "NeeneNY"]
[Black "Ponce"]
[Result "0-1"]
[WhiteElo "1358"]
[BlackElo "1748"]

1. e4 e5 2. Nf3 Nc6 3. Bc4 h6 4. O-O d6 5. Nc3 Bg4 6. b3 Bxf3 7. Qxf3 Nf6 8. Ba3
Nd4 9. Qd3 Be7 10. Rae1 O-O 11. f4 c6 12. Ne2 b5 13. Nxd4 exd4 14. Bxb5 cxb5 15.
Qxb5 Nd7 16. Bb2 Qc7 17. Rc1 a6 18. Qd3 Bf6 19. c3 dxc3 20. Bxc3 Qb6+ 21. Kh1
Nc5 22. Qg3 Nxe4 23. Qh3 Bxc3 24. dxc3 Rac8 25. c4 d5 26. Rfe1 Nf2+ 27. Kg1
Nxh3+ 0-1

[Event "Challenge2"]
[Site "http://www.queenalice.com/game.php?id=1227269"]
[Date "2013.10.25"]
[Round "-"]
[White "Ponce"]
[Black "NeeneNY"]
[Result "1-0"]
[WhiteElo "1750"]
[BlackElo "1356"]

1. d4 d5 2. Nf3 e6 3. e3 Nf6 4. Bd3 Bd6 5. Bd2 O-O 6. Ne5 a5 7. O-O Bb4 8. c3
Bd6 9. e4 c6 10. Bf4 Nbd7 11. Nxd7 Qxd7 12. e5 Ne4 13. Bxe4 dxe4 14. exd6 b6 15.
Nd2 Ba6 16. Re1 Bd3 17. Qg4 c5 18. Bh6 g6 19. Bxf8 Kxf8 20. Nxe4 cxd4 21. Qf4 f5
22. Nf6 Qf7 23. Qxd4 Ba6 24. d7 Qe7 25. Ne8 Rd8 26. Qh8+ Kf7 27. Qg7# 1-0

[Event "OS INCLIVEIS"]
[Site "http://www.queenalice.com/game.php?id=1234402"]
[Date "2013.11.22"]
[Round "-"]
[White "adelio"]
[Black "Ponce"]
[Result "1-0"]
[WhiteElo "1788"]
[BlackElo "1776"]

1. b4 e5 2. b5 Qf6 3. Bb2 Bc5 4. e3 d5 5. Nc3 Ne7 6. Rb1 Be6 7. a4 Bb4 8. Nce2
Bc5 9. Ng3 g6 10. Nf3 Bd6 11. Be2 Bg4 12. h3 Bxf3 13. Bxf3 Nd7 14. Bg4 O-O-O 15.
Bxd7+ Rxd7 16. a5 Bb4 17. Bc3 Bxc3 18. dxc3 e4 19. Qd2 h5 20. O-O h4 21. Ne2 g5
22. Nd4 g4 23. a6 b6 24. Nc6 Nxc6 25. bxc6 Rd6 26. Rb5 gxh3 27. f3 Qg6 28. Rf2
Rxc6 29. Rxd5 Rg8 30. f4 Rd6 31. c4 h2+ 32. Kh1 h3 33. Qe2 c6 34. Rg5 Qh7 35.
Qg4+ Kd8 36. Rxg8+ Ke7 37. Qg5+ Rf6 38. Qe5+ Re6 39. Qc7+ Kf6 40. Qd8+ Kf5 41.
g4# 1-0

[Event "OS INCLIVEIS"]
[Site "http://www.queenalice.com/game.php?id=1234404"]
[Date "2013.11.22"]
[Round "-"]
[White "Ponce"]
[Black "adelio"]
[Result "1-0"]
[WhiteElo "1760"]
[BlackElo "1768"]

1. d4 d5 2. e3 Nc6 3. c4 Nf6 4. c5 g6 5. Bb5 Bd7 6. Nf3 a6 7. Bxc6 Bxc6 8. a4
Ng4 9. h3 Nxf2 10. Kxf2 Qd7 11. Ne5 Qf5+ 12. Ke2 Qe4 13. Qf1 f6 14. Nd2 Qc2 15.
Nxc6 bxc6 16. Qd1 Qf5 17. Rf1 Qe6 18. Nf3 h5 19. a5 h4 20. Qa4 g5 21. b4 g4 22.
hxg4 Qxg4 23. Qxc6+ Qd7 24. Qxa8+ Kf7 25. Qxa6 h3 26. Ne5+ Kg7 27. Nxd7 hxg2 28.
Rg1 Kf7 29. Rxg2 Bg7 30. Qc6 Rh6 31. Qxc7 Rh5 32. a6 f5 33. a7 f4 34. Qxf4+ Bf6
35. a8=Q Rh8 36. Qxd5+ Ke8 37. Qb8# 1-0

[Event "Grill"]
[Site "http://www.queenalice.com/game.php?id=1238352"]
[Date "2013.12.7"]
[Round "-"]
[White "NeeneNY"]
[Black "Ponce"]
[Result "0-1"]
[WhiteElo "1347"]
[BlackElo "1731"]

1. e4 Nc6 2. Nf3 e5 3. Bc4 Nf6 4. d3 Bc5 5. O-O d6 6. Ng5 O-O 7. Be3 h6 8. Bxf7+
Rxf7 9. Nxf7 Kxf7 10. Bxc5 dxc5 11. Nd2 Bg4 12. Qe1 Nb4 13. Qe3 Nxc2 14. Qxc5
Nxa1 15. Rxa1 Nd7 16. Qc4+ Be6 17. Qb4 b6 18. Nc4 Kf6 19. Re1 Nc5 20. Re3 Nxd3
21. Rf3+ Nf4 22. g3 Bg4 23. Re3 Qd1+ 24. Re1 Ne2+ 25. Kf1 Bh3# 0-1

[Event "Stove Top"]
[Site "http://www.queenalice.com/game.php?id=1238353"]
[Date "2013.12.7"]
[Round "-"]
[White "Ponce"]
[Black "NeeneNY"]
[Result "1-0"]
[WhiteElo "1719"]
[BlackElo "1392"]

1. d4 d6 2. e4 Nf6 3. Bd3 e5 4. d5 Na6 5. Ne2 Nc5 6. Nbc3 Be7 7. Bb5+ Bd7 8. b4
Ncxe4 9. Nxe4 Nxe4 10. Bxd7+ Qxd7 11. O-O O-O 12. f3 Nf6 13. Bg5 c6 14. Bxf6
Bxf6 15. dxc6 bxc6 16. c3 Rfe8 17. Ng3 a5 18. Ne4 Bd8 19. Nxd6 Re6 20. Ne4 Bb6+
21. Nc5 Qxd1 22. Raxd1 axb4 23. cxb4 Re7 24. Kh1 h6 25. Rd6 Bc7 26. Rxc6 Rxa2
27. b5 e4 28. fxe4 Be5 29. Rc8+ Kh7 30. b6 Ra5 31. Nd3 Bd4 32. Rb1 Rxe4 33. b7
Ra3 34. b8=Q Rxd3 35. Rh8+ Kg6 36. h3 Rde3 37. Qg8 Re1+ 38. Rxe1 Rxe1+ 39. Kh2
Be5+ 40. g3 Re2+ 41. Kg1 Bxg3 42. Qh7+ Kf6 43. Qd3 Re1+ 44. Kg2 Be5 45. Qf3+ Ke6
46. Re8+ Kd7 47. Qf2 Bc3 48. Qxf7+ Kd6 49. Rxe1 Bxe1 50. Qxg7 Bd2 51. Qd4+ Ke6
52. Qxd2 h5 53. Qh6+ 1-0

[Event "Challenge"]
[Site "http://www.queenalice.com/game.php?id=1257200"]
[Date "2014.2.16"]
[Round "-"]
[White "Ponce"]
[Black "vivi_jamile"]
[Result "1-0"]
[WhiteElo "1712"]
[BlackElo "1348"]

1. d4 d5 2. e3 Nf6 3. Bd3 Bg4 4. f3 Be6 5. Nc3 c6 6. Nce2 Na6 7. Nf4 Qa5+ 8. Bd2
Qc7 9. Nxe6 fxe6 10. f4 O-O-O 11. Nf3 Ng4 12. f5 exf5 13. Bxf5+ Rd7 14. Bxg4 e6
15. Ne5 Rd6 16. Nf7 Qxf7 17. Bf3 Nb4 18. Bxb4 Rd7 19. a3 Be7 20. O-O Bh4 21.
Bxd5 cxd5 22. Rxf7 Rxf7 23. Qh5 Bf2+ 24. Kh1 Bxe3 25. Qxf7 Bxd4 26. Qxe6+ Kd8
27. Qxd5+ 1-0

[Event "Cleric"]
[Site "http://www.queenalice.com/game.php?id=1258500"]
[Date "2014.2.20"]
[Round "-"]
[White "Ponce"]
[Black "NeeneNY"]
[Result "1-0"]
[WhiteElo "1710"]
[BlackElo "1361"]

1. d4 d5 2. e3 Nf6 3. Nf3 Nc6 4. Bb5 Bd7 5. Ne5 Nxe5 6. dxe5 Ng4 7. Bxd7+ Qxd7
8. f4 O-O-O 9. Qf3 Nh6 10. Nc3 e6 11. Bd2 Nf5 12. O-O Bc5 13. g3 d4 14. Ne4 dxe3
15. Nxc5 Qb5 16. Bxe3 Qxb2 17. g4 Nd4 18. Qg2 Nxc2 19. Rab1 Qc3 20. Qxb7# 1-0

[Event "Constable"]
[Site "http://www.queenalice.com/game.php?id=1258501"]
[Date "2014.2.20"]
[Round "-"]
[White "NeeneNY"]
[Black "Ponce"]
[Result "1-0"]
[WhiteElo "1463"]
[BlackElo "1714"]

1. e4 Nc6 2. d4 e6 3. Nf3 Nf6 4. Nc3 Bb4 5. Bd2 Bxc3 6. Bxc3 Nxe4 7. Qe2 Nxc3 8.
bxc3 d5 9. c4 O-O 10. c5 Bd7 11. Qe3 Nb4 12. Bd3 Bb5 13. Qd2 Bxd3 14. cxd3 Nc6
15. O-O Qf6 16. Rfe1 Nxd4 17. Nxd4 Qxd4 18. Rac1 e5 19. c6 e4 20. cxb7 Rab8 21.
h4 exd3 22. Rxc7 Qg4 23. f3 Qd4+ 24. Qf2 Qxf2+ 25. Kxf2 d2 26. Rd1 a5 27. Rxd2
Rfd8 28. f4 1-0

[Event "Challenge"]
[Site "http://www.queenalice.com/game.php?id=1267081"]
[Date "2014.3.22"]
[Round "-"]
[White "Excsiu"]
[Black "Ponce"]
[Result "1-0"]
[WhiteElo "1723"]
[BlackElo "1696"]

1. e4 c5 2. Na3 e5 3. Nf3 d6 4. Bb5+ Bd7 5. O-O Nf6 6. c3 a6 7. Bxd7+ Nbxd7 8.
d4 Nxe4 9. dxe5 Nxe5 10. Nxe5 dxe5 11. Qe2 Nf6 12. Qf3 Qb6 13. Nc4 Qc7 14. Re1
O-O-O 15. Nxe5 Re8 16. Bf4 Qe7 17. Re3 h6 18. Rae1 Qd8 19. Nxf7 Rxe3 20. Rxe3
Qd2 21. Re8+ Nxe8 22. Bxd2 Rh7 23. Qf5+ 1-0

[Event "Barry White"]
[Site "http://www.queenalice.com/game.php?id=1269558"]
[Date "2014.4.1"]
[Round "-"]
[White "Ponce"]
[Black "NeeneNY"]
[Result "1-0"]
[WhiteElo "1688"]
[BlackElo "1449"]

1. d4 Nc6 2. e4 e5 3. d5 Na5 4. Bd2 Nc4 5. Bxc4 Bc5 6. Nf3 d6 7. O-O Nf6 8. Nc3
O-O 9. a3 c6 10. b4 Bd4 11. Qe1 b5 12. Bd3 a5 13. Nxd4 exd4 14. Ne2 axb4 15.
axb4 Rxa1 16. Qxa1 Re8 17. dxc6 d5 18. Bxb5 Nxe4 19. Qxd4 Bg4 20. c7 Re7 21.
cxd8=Q+ Re8 22. Qxe8# 1-0

[Event "Art Linkletter"]
[Site "http://www.queenalice.com/game.php?id=1269559"]
[Date "2014.4.1"]
[Round "-"]
[White "NeeneNY"]
[Black "Ponce"]
[Result "1/2-1/2"]
[WhiteElo "1452"]
[BlackElo "1681"]

1. e4 Nc6 2. d4 e5 3. d5 Nce7 4. Nf3 d6 5. Nc3 Ng6 6. Bc4 Bd7 7. O-O f6 8. b4
N8e7 9. a4 c6 10. b5 cxb5 11. Bxb5 Bxb5 12. Nxb5 a6 13. Nc3 Nf4 14. Ra3 Nc8 15.
Bxf4 exf4 16. Rb3 Qc7 17. Re1 Nb6 18. Qd4 Qc5 19. Qxc5 dxc5 20. Rxb6 Be7 21.
Rxb7 Kf7 22. e5 g5 23. e6+ Ke8 24. Rd1 Rd8 25. Ne4 g4 26. Nfd2 f5 27. d6 Bxd6
28. Nxd6+ Rxd6 29. Rb8+ Rd8 30. Rxd8+ Kxd8 31. Nb3+ Ke7 32. Nxc5 Rc8 33. Rd7+
Kf6 34. Nd3 Kxe6 35. Rxh7 Kf6 36. Nxf4 Rxc2 37. h4 Rc1+ 38. Kh2 Rc4 39. Nh5+ Kg6
40. Rh8 Rxa4 41. Ng3 f4 42. Rg8+ Kf7 43. Rxg4 fxg3+ 44. Rxg3 Rb4 45. h5 Rh4+ 46.
Kg1 Rxh5 47. Rf3+ Ke7 48. g4 Rg5 49. Rg3 Kd6 50. f4 Rb5 51. g5 Ke7 52. Re3+ Kf7
53. Kg2 a5 54. Kg3 a4 55. Kg4 Rb4 56. Re5 a3 57. Kf3 a2 58. Ra5 Rb2 59. f5 Ke7
60. f6+ Kf7 61. Kf4 Rf2+ 62. Ke5 Rg2 63. Ra7+ Kg6 64. Rg7+ Kh5 65. f7 Rxg5+ 66.
Rxg5+ Kxg5 67. f8=Q a1=Q+ 68. Ke4 Qb1+ 69. Kd5 1/2-1/2

[Event "Challenge"]
[Site "http://www.queenalice.com/game.php?id=1270109"]
[Date "2014.4.3"]
[Round "-"]
[White "vivi_jamile"]
[Black "Ponce"]
[Result "0-1"]
[WhiteElo "1346"]
[BlackElo "1694"]

1. d4 d5 2. Nc3 Nf6 3. Bf4 Bd7 4. e3 e6 5. Bb5 Bb4 6. a3 Bxc3+ 7. bxc3 Bxb5 8.
Qb1 a6 9. Nf3 Nbd7 10. a4 Bc6 11. Ne5 Nxe5 12. dxe5 Ne4 13. Qb4 a5 14. Qb3 Nc5
15. Qa3 b6 16. h4 d4 17. cxd4 Na6 18. Bg5 Qd7 19. f4 h6 20. Bxh6 Rxh6 21. c4 Nb4
22. d5 Nc2+ 0-1

[Event "Challenge"]
[Site "http://www.queenalice.com/game.php?id=1394751"]
[Date "2015.11.18"]
[Round "-"]
[White "Ponce"]
[Black "NeeneNY"]
[Result "1-0"]
[WhiteElo "1664"]
[BlackElo "1631"]

1. d4 d5 2. g3 Nc6 3. Nf3 Bf5 4. Bg2 Nb4 5. Na3 Nf6 6. c3 Nc6 7. O-O h6 8. Nh4
Be6 9. f4 Qd7 10. f5 O-O-O 11. fxe6 fxe6 12. Be3 Ng4 13. Qd2 e5 14. dxe5 Ngxe5
15. Bxd5 g5 16. Nf3 Nxf3+ 17. exf3 b6 18. Be6 Qxe6 19. Qf2 Bg7 20. Rfe1 Qf7 21.
Qg2 Ne5 22. Rf1 Rd3 23. Bd4 Nxf3+ 24. Rxf3 Rxf3 25. Bxg7 Rh7 26. Be5 h5 27. Nb5
Kb7 28. Bxc7 Rh6 29. Nd4 Rf6 30. Nxf3 Rxf3 31. Rf1 g4 32. Bf4 Qxa2 33. Rxf3 gxf3
34. Qxf3+ Ka6 35. Qd3+ b5 36. Qc2 Qa1+ 37. Kg2 Qe1 38. b4 Kb6 39. Qf2+ Qxf2+ 40.
Kxf2 Kc6 41. Be3 a6 42. Kf3 Kd5 43. Kf4 Kc4 44. Bd4 e6 45. Kg5 Kd5 46. Kxh5 e5
47. Bb6 e4 48. g4 Kc4 49. g5 Kxc3 50. g6 Kxb4 51. g7 Kc3 52. g8=Q Kd3 53. Qg6 b4
54. Qd6+ Ke2 55. Qxb4 e3 56. Kg4 Kf2 57. Qc4 a5 58. Qc2+ Kf1 59. Bxe3 a4 60.
Qf2# 1-0

[Event "Challenge"]
[Site "http://www.queenalice.com/game.php?id=1394752"]
[Date "2015.11.18"]
[Round "-"]
[White "Ponce"]
[Black "Camy"]
[Result "0-1"]
[WhiteElo "1668"]
[BlackElo "1766"]

1. d4 Nf6 2. d5 c6 3. Nc3 cxd5 4. Nxd5 Qa5+ 5. Nc3 d6 6. e3 Nc6 7. Bd2 Be6 8.
Nd5 Qxd5 9. c4 Qc5 10. b3 Bf5 0-1